000 01186cam a2200397 i 4500
001 4306
003 FISKH
005 20240717084957.0
008 130821r20041996nyua 000 1 eng
010 _a 2013412577
020 _a0142400475
020 _a9780142400470
040 _aDLC
_beng
_cDLC
_erda
_dDLC
050 _aPZ7.S41267
082 _a813.54
100 0 _aScieszka, Jon.
245 1 0 _aTut, Tut /
_cJon Scieszka ; illustrated by Lane Smith.
260 _aNew York :
_bPuffin Books,
_c1996.
300 _a74 pages :
_billustrations ;
_c20 cm.
336 _atext
_2rdacontent
337 _aunmediated
_2rdamedia
338 _avolume
_2rdacarrier
490 0 _aThe time warp trio ;
_vBook 6
505 _aR
520 _aThe Time Warp Trio is in the land of pyramids and pharaohs.
521 _a690
_bLexile
521 _aR
_bRaz-Plus
650 0 _aTime travel
_vJuvenile fiction.
650 0 _aAdventure stories.
650 0 _aHumorous stories.
651 0 _aEgypt
_xCivilization
_yTo 332 B.C.
_vFiction.
700 1 _aSmith, Lane,
_eillustrator.
906 _a7
_bcbc
_corignew
_d2
_encip
_f20
_gy-gencatlg
942 _2ddc
_cBK
_n0
999 _c4306
_d4306